Los ojos del dragón (Record no. 604)

MARC details
000 -CABECERA
campo de control de longitud fija 02744nam a22003134c 4500
003 - IDENTIFICADOR DE NUMERO DE CONTROL
campo de control AR-BaSMT
008 - CAMPOS DE LONGITUD FIJA
campo de control de longitud fija 260327b2025 aga|||br|||| 001 1bspa d
020 ## - ISBN: Indicadores indefinidos
Número ISBN 9789877674606
040 ## - FUENTE DE CATALOGACION
Agencia de catalogación original BSGB
Idioma de catalogación español
Agencia que realiza la transcripción BSGB
Convenciones de la descripción rda
041 0# - CODIGO DE IDIOMA
Código idioma spa
Idioma original español
080 ## - CDU
CDU completo 82-34
100 1# - PUNTO DE ACCESO PRINCIPAL
Nombre de persona Vargas, Sebastián
Enlace autoridades 29
245 14 - MENCION DE TITULO
Título Los ojos del dragón
250 ## - MENCION DE EDICION
Mención de edición Primera edición
264 #1 - PRODUCCIÓN, PUBLICACIÓN, DISTRIBUCIÓN, ETC.
Lugar de publicación, etc. Buenos aires :
Nombre editor. Planeta lector ,
Fecha 2025
300 ## - DESCRIPCION FISICA
Extensión 104 páginas ;
Otros detalles físicos ilustraciones blanco y negro
336 ## - TIPO DE CONTENIDO
rdacontent rdacontent
texto texto
txt txt
337 ## - TIPO DE MEDIO
rdamedia rdamedia
sin mediación sin mediación
n n
338 ## - TIPO DE SOPORTE
rdacarrier rdacarrier
volumen volumen
nc nc
490 ## - TÍTULO DE LA SERIE
Título de la serie Planeta azul
505 ## - NOTA DE CONTENIDO CON FORMATO
Volcar toda la info, nivel básico, Indicadores 8 y # 1. Rumores "Camino escuchado, camino dicho", página 9<br/>2. Perseverar "Desgastar un palo hasta volverlo aguja", página 13<br/>3. Salir al mundo "El sapo del fondo del pozo", página 17<br/>4. No olvidar el objetivo " El carro al sur para el norte", página 21<br/>5. Temeridad "Trazar los ojos en el dibujo del dragón", página 24<br/>6. Iniciativa propia "Ocho inmortales cruzan el mar", página 28<br/>7. Esconderse "La flauta que sobra completa el número", página 32<br/>8. Adaptarse a los cambios "Tres a la mañana, cuatro a la tarde", página 36<br/>9. Moderación "El viejo Sai perdió su caballo", página 40<br/>10. Autoengaño "Taparse las orejas para robar la campana", página 45<br/>11. Fanfarronear "Al duque Ye le gustan los dragones", página 48<br/>12. Esmero "La ropa del cielo no tiene costuras", página 51<br/>13. Terquedad " La garza y la ostra se pelean", página 54<br/>14. Astucia " El zorro toma prestado el poder del tigre", página 58<br/>15. Apariencias " "Un ojo de pez se parece a una perla", página 62<br/>16. Desperdicios " Tocar el arpa para las vacas", página 66<br/>17. Experiencia " Caballo viejo conoce el camino", página 70<br/>18. Conocimientos teóricos " Buscar un corcel por el dibujo", pagina 73<br/>19. Éxito repentino "Un solo silvido sorprende a la gente", página 78<br/>20. Sentido común "Construir el salón del edificio en el cielo", página 81<br/>Para saber un poco más sobre los proverbios chinos, página 85<br/>
520 1# - NOTA DE SUMARIO, RESUMEN, ETC.
Toda la nota Wang, el más pequeño de la familia Fu, es muy inquieto y curioso. Entre los rumores del pueblo y lo que escucha por los caminos, descubre los proverbios que usa su gente al hablar, frases que surgen de historias fantásticas y sus enseñanzas... Pero vayan con cuidado: no se apuren a trazar los ojos en el dibujo del dragón, porque los libros no muerden pero sí transforman…
URL, URI, etc. https://www.planetalector.com.ar/libros/los-ojos-del-dragon/407834/<br/>27/03/2025
521 ## - NOTA DE PÚBLICO DESTINATARIO
Nota de audiencia A partir de 8 años
650 #7 - PUNTO DE ACCESO ADICIONAL DE MATERIA – TÉRMINO TEMÁTICO
Enlace autoridades 8
Término de materia o nombre geográfico como elemento de entrada LITERATURA INFANTIL
650 #7 - PUNTO DE ACCESO ADICIONAL DE MATERIA – TÉRMINO TEMÁTICO
Enlace autoridades 23
Término de materia o nombre geográfico como elemento de entrada CUENTO
Subdivisión geográfica Argentina
653 ## - PUNTO DE ACCESO ADICIONAL DE MATERIA – TÉRMINO NO CONTROLADO
Término de indización no controlado Proverbios chinos
942 ## - ELEMENTOS AGREGADOS (KOHA)
CDU Clasificación Decimal Dewey
Tipo de ítem Libros
Holdings
Disponible Perdido Fuente de clasificación Estado Ubicación permanente Locación actual Estante o sala Fuente de adquisición Número de inventario Total préstamos Signatura topográfica Código de barras Numero de ejemplar Tipo de item de Koha Calificador de localización códificado
    Clasificación Decimal Dewey   Biblioteca Susana G. De Batemarco Biblioteca Susana G. De Batemarco Verde donación editorial 000700   82-34 VAR 000700 1 Libros  
    Clasificación Decimal Dewey   Biblioteca Susana G. De Batemarco Biblioteca Susana G. De Batemarco Verde donación editorial 000701   82-34 VAR 000701 2 Libros  

Powered by Koha